zpět

Detail výsledku týmu

Organza, Liberec

Datum a čas kvízu

21 Celkem bodů Celkový počet nahraných bodů na tomto kvízu bez doplňovacích otázek.
7. Pořadí na kvízu Konečné umístění týmu na tomto kvízu.

Zaznamenané odpovědi

# Otázka Odpověď Body Výsledky
1. Jak se jmenuje hejtman, který... Jan Krkoška, Moravskoslezský kraj 0.5
2. Historicky prvním premiérem ev... Wales 0
3. Jak se nazývá známé pražské di... Ypsilon 1
4. V minulém týdnu probíhal v Brn... Amper 1
5. V pondělí byla představena kol... z (křišťálového) skla 1
6. Toto literární téma vyhrálo mi... Malý princ 0
7. Dívka Fern jednoho dne pozoruj... Šarlotina pavučinka, E. B. White 0
8. Přiřaďte klasická díla ruské l... 1D 2A 3C 4B 0
9. Jedna z nejprodávanějších knih... Anne Frank 1
10. Na závěr se zaměříme na novějš... Hvězdy nám nepřály 1